00326nam a2200121Ia 4500008004100000041000800041082001500049100002400064245002900088260005400117300001200171999002100183231228s1998 xx 000 0 und d aeng a5.432bSTE aSTEVENS (Richard W) aUNIX Network Programming aNew DelhibPrentice Hall of India New Delhic1998 axi, 772 c1081573d1081573